000 02949nam0a2200409 4500
001 RU\NLR\BIBL_A\011865747
005 20260206123506.0
010 _a978-5-9500383-6-5
_9100
021 _aRU
_bКН-П-18-080123
_9КН-П-18-5806
035 _a(NLR Aleph) 011865747
035 _a(RuMoRGB)009583383
090 _a12177451
_c12177451
100 _a20181119d2017 k y0rusy50 ca
101 0 _arus
102 _aRU
105 _aa|||z|||000zy
200 1 _aРазработка и апробация новых модулей и правил реализации основной образовательной программы бакалавриата 44.03.01 Педагогическое образование, предполагающих академическую мобильность студентов непедагогических направлений подготовки
_eМонография
_f[Панин Владимир Алексеевич, Краюшкина Светлана Владимировна, Топорнина Анна Вячеславовна и др.
_gпод общ. ред. доктора физико-математических наук, профессора В. А. Панина]
_gМинистерство образования и науки Российской Федерации Федеральное государственное бюджетное образовательное учреждение высшего образования «Тульский государственный педагогический университет им. Л. Н. Толстого»
210 _aТула
_cИзд-во ТГПУ им. Л. Н. Толстого
_d2017
215 _a282 с.
_cил., цв. ил., табл.
_d21
300 _aАвт. указаны в вып. дан.
320 _aБиблиогр.: с. 230-233 (25 назв.) и в подстроч. примеч.
606 1 _aВысшие педагогические учебные заведения
_xУчебные программы
_xСоставление
_2nlr_sh2
_3RU\NLR\AUTH\6601598092
610 0 _aбакалавриат
610 0 _aвысшее педагогическое образование
610 0 _aбакалавры-педагоги
686 1 _aЧ489.511.211
701 1 _aПанин
_bВ. А.
_gВладимир Алексеевич
701 1 _aКраюшкина
_bС. В.
_gСветлана Владимировна
701 1 _aТопорнина
_bА. В.
_gАнна Вячеславовна
712 0 2 _aТульский государственный педагогический университет им. Л. Н. Толстого
_3RU\NLR\AUTH\8810024887
_4475
942 _cBOOK
980 _aNB
980 _aNB
980 _aNBR